Coastal Countries without Populous Islands - Statistics

General Stats
  • This quiz has been taken 15 times
  • The average score is 61 of 76
Answer Stats
Answer % Correct
Albania
93%
Benin
93%
Bosnia and Herzegovina
93%
Côte d'Ivoire
93%
Egypt
93%
Eritrea
93%
Ghana
93%
Guinea
93%
Guinea-Bissau
93%
Guyana
93%
Iraq
93%
Libya
93%
Norway
93%
Pakistan
93%
Panama
93%
Suriname
93%
Togo
93%
Turkey
93%
Algeria
86%
Angola
86%
Cambodia
86%
Costa Rica
86%
Croatia
86%
Djibouti
86%
Estonia
86%
Finland
86%
Gabon
86%
Guatemala
86%
Honduras
86%
Israel
86%
Kuwait
86%
Latvia
86%
Lithuania
86%
Mauritania
86%
Montenegro
86%
Morocco
86%
Namibia
86%
Nicaragua
86%
North Korea
86%
Oman
86%
Peru
86%
Poland
86%
South Africa
86%
Yemen
86%
Belize
79%
Colombia
79%
El Salvador
79%
Gambia
79%
Lebanon
79%
Mozambique
79%
Qatar
79%
Republic of the Congo
79%
Saudi Arabia
79%
Senegal
79%
Sierra Leone
79%
Slovenia
79%
Somalia
79%
Sudan
79%
Belgium
71%
Bulgaria
71%
Cameroon
71%
Ecuador
71%
Georgia
71%
Jordan
71%
Romania
71%
Syria
71%
Ukraine
71%
Germany
64%
Uruguay
64%
Antigua and Barbuda
57%
Grenada
50%
Seychelles
50%
Tonga
50%
Vanuatu
50%
Kiribati
43%
Micronesia
43%
No matching quizzes found
Score Distribution
Percent of People with Each Score
Percentile by Number Answered
Your Score History
You have not taken this quiz